| 000 | 00799nam0a22002411 4500 | ||
|---|---|---|---|
| 001 | rc\4283958 | ||
| 005 | 20260406115002.0 | ||
| 021 |
_aRU _bРг6649-64 |
||
| 035 | _a(NLR Aleph) 008247934 | ||
| 090 |
_a8317383 _c8317383 |
||
| 100 | _a20130416d1964 |||y0rusy50 ca | ||
| 101 | 0 | _arus | |
| 102 | _aRU | ||
| 105 | _ay z ||||| | ||
| 200 | 1 |
_aУстав Академии наук Молдавской Советской Социалистической Республики _eУтв. 9/III 1964 г. |
|
| 210 |
_aКишинев _cПартиздат ЦК КП Молдавии _d1964 |
||
| 215 |
_a20 с. _d20 |
||
| 710 | 0 | 2 |
_aАН МССР _cКишинев _3RU\NLR\AUTH\8811269 _9295229 |
| 801 | 0 |
_aRU _bNLR _gpsbo |
|
| 801 | 1 |
_aRU _bELAR _2rusmarc |
|
| 852 |
_aNLR _j64-4/16608 |
||
| 942 | _cBOOK | ||
| 980 | _aNB | ||